Statistiques concernant Pays avec le plus grand pourcentages d'athées

Cliquez ici pour prendre le quiz!

Statistiques générales

  • Ce quiz a été pris 151 fois
    (120 depuis la dernière actualisation)
  • Le résultat moyen est 7 sur 10

Statistiques - réponses

PositionPourcentagePays% Correct
774 %France
94%
188 %Suède
81%
578 %Norvège
81%
1069 %Finlande
79%
283 %Danemark
75%
382 %Chine
72%
971 %Japon
68%
676 %Royaume-Uni
55%
478 %Estonie
54%
872 %Tchéquie
38%

Distribution des résultats

Percentile par nombre de réponses

% des personnes avec chaque résultat

Votre développement - résultats

Vous n’avez pas pris ce quiz depuis la dernière actualisation